[Event "Hamburg St Pauli op-B"]
[Site "Hamburg"]
[Date "2014.07.23"]
[Round "5"]
[White "Woelk, Tom Frederic"]
[Black "Von Lossow, Marcus"]
[Result "1-0"]
[WhiteElo "1080"]
[BlackElo "1800"]
[PlyCount "107"]
[EventDate "2014.07.19"]
[EventType "swiss"]
[EventRounds "9"]
[EventCountry "GER"]
[SourceTitle "CBM 161 Extra"]
[Source "ChessBase"]
[SourceDate "2014.08.29"]
[SourceVersion "1"]
[SourceVersionDate "2014.08.29"]
[SourceQuality "1"]

1. e4 e5 2. Nf3 Nc6 3. Bc4 Nf6 4. Ng5 d5 5. exd5 Na5 6. Bb5+ c6 7. dxc6 bxc6 8. Be2 h6 9. Nf3 e4 10. Ne5 Bc5 11. 0-0 Qd4 12. Ng4 Bxg4 13. Bxg4 e3 14. Bf3 exf2+ 15. Kh1 0-0 16. c3 Qh4 17. g3 Qh3 18. Bg2 Qe6 19. d4 Rfe8 20. Rxf2 Qe1+ 21. Qxe1 Rxe1+ 22. Rf1 Rae8 23. Bd2 Rxf1+ 24. Bxf1 Bd6 25. c4 Nb7 26. Nc3 Bb4 27. a3 Ba5 28. b4 Bc7 29. Bg2 Nd8 30. Re1 Kf8 31. d5 Rxe1+ 32. Bxe1 cxd5 33. Nxd5 Nxd5 34. Bxd5 Ke7 35. Kg2 f6 36. Kf3 Ne6 37. Ke4 Be5 38. a4 g6 39. Kd3 Nc7 40. Bf2 Nxd5 41. cxd5 a6 42. Kc4 Kd6 43. Bd4 g5 44. b5 Bxd4 45. Kxd4 axb5 46. axb5 f5 47. b6 f4 48. gxf4 gxf4 49. Ke4 f3 50. Kxf3 Kd7 51. Ke4 Kc8 52. Ke5 Kb7 53. Ke6 Kxb6 54. Ke7 1-0

[Event "Regionalliga NW 1314"]
[Site "Bayern"]
[Date "2013.12.15"]
[Round "4.8"]
[White "Von Lossow, Marcus"]
[Black "Gebauer, Thomas"]
[Result "0-1"]
[WhiteElo "1732"]
[BlackElo "1865"]
[PlyCount "72"]
[EventDate "2013.10.13"]
[EventType "team-tourn"]
[EventRounds "9"]
[EventCountry "GER"]
[SourceTitle "EXT 2015"]
[Source "ChessBase"]
[SourceDate "2014.11.20"]
[SourceVersion "1"]
[SourceVersionDate "2014.11.20"]
[SourceQuality "1"]
[WhiteTeam "Hof"]
[BlackTeam "Kitzingen"]
[WhiteTeamCountry "GER"]
[BlackTeamCountry "GER"]

1. e4 g6 2. d4 Bg7 3. Nc3 d6 4. Bc4 e6 5. Be3 Ne7 6. Nf3 a6 7. 0-0 b5 8. Bd3 0-0 9. a3 Nd7 10. Qd2 Re8 11. Bh6 Bh8 12. h4 Bb7 13. Ne2 c5 14. c3 Rc8 15. Ng5 Nc6 16. Qf4 Qe7 17. Nf3 e5 18. dxe5 Ndxe5 19. Bc2 Nxf3+ 20. gxf3 Ne5 21. Ng3 Qxh4 22. Kg2 Qxf4 23. Bxf4 d5 24. Rad1 d4 25. cxd4 cxd4 26. Bb3 Nc4 27. Bxc4 bxc4 28. Ne2 Red8 29. Rd2 f5 30. exf5 gxf5 31. Rfd1 d3 32. Nc3 Rd4 33. Be3 Rg4+ 34. Kh2 Bxf3 35. Re1 Be5+ 36. Kh3 Bg2# 0-1

[Event "Maastricht Limburg op-B 7th"]
[Site "Maastricht"]
[Date "2013.05.20"]
[Round "7"]
[White "Von Lossow, Marcus"]
[Black "Tangelder, Yonne"]
[Result "1/2-1/2"]
[WhiteElo "1745"]
[BlackElo "1837"]
[PlyCount "25"]
[EventDate "2013.05.17"]
[EventType "swiss"]
[EventRounds "7"]
[EventCountry "NED"]
[SourceTitle "EXT 2014"]
[Source "ChessBase"]
[SourceDate "2013.11.20"]
[SourceVersion "1"]
[SourceVersionDate "2013.11.20"]
[SourceQuality "1"]

1. e4 e5 2. Nf3 Nc6 3. d4 exd4 4. Bc4 Nf6 5. e5 Ne4 6. 0-0 d5 7. Bb5 Bg4 8. h3 Bxf3 9. Qxf3 Qd7 10. Rd1 Bc5 11. Nd2 Ng5 12. Qg3 Ne6 13. Nb3 1/2-1/2

[Event "Regionalliga NW 1213"]
[Site "Bayern"]
[Date "2013.04.14"]
[Round "9.8"]
[White "Von Lossow, Marcus"]
[Black "Chen, Jiuli"]
[Result "1-0"]
[WhiteElo "1589"]
[BlackElo "1318"]
[PlyCount "67"]
[EventDate "2012.10.14"]
[EventType "team-tourn"]
[EventRounds "9"]
[EventCountry "GER"]
[SourceTitle "EXT 2015"]
[Source "ChessBase"]
[SourceDate "2014.11.20"]
[SourceVersion "1"]
[SourceVersionDate "2014.11.20"]
[SourceQuality "1"]
[WhiteTeam "Hof"]
[BlackTeam "Wuerzburg II"]
[WhiteTeamCountry "GER"]
[BlackTeamCountry "GER"]

1. e4 e5 2. Nf3 Nc6 3. d4 Nxd4 4. Nxe5 Bc5 5. Nxf7 Kxf7 6. Qh5+ g6 7. Qxc5 Ne6 8. Qe5 Nf6 9. Bc4 d6 10. Qf4 d5 11. Bxd5 Qxd5 12. Qxf6+ Kxf6 13. exd5 Nd4 14. Na3 Re8+ 15. Be3 Bf5 16. Kd2 Ke5 17. c3 Ne6 18. dxe6 Bxe6 19. Bd4+ Kf5 20. Rhe1 Kg5 21. Re5+ Kh6 22. Rae1 Bf7 23. Rxe8 Rxe8 24. Rxe8 Bxe8 25. Bxa7 Kg5 26. Ke3 Bf7 27. b3 Bd5 28. f3 c6 29. Nc4 Be6 30. Nd6 b5 31. Kd4 Kf4 32. Bb8 Kg5 33. Kc5 Bd7 34. a4 1-0

[Event "Oberfranken-ch 1213"]
[Site "Schney"]
[Date "2013.01.03"]
[Round "1"]
[White "Stoecklein, Tony"]
[Black "Von Lossow, Marcus"]
[Result "0-1"]
[WhiteElo "1366"]
[BlackElo "1623"]
[PlyCount "40"]
[EventDate "2013.01.03"]
[EventType "swiss"]
[EventRounds "7"]
[EventCountry "GER"]
[SourceTitle "EXT 2015"]
[Source "ChessBase"]
[SourceDate "2014.11.20"]
[SourceVersion "1"]
[SourceVersionDate "2014.11.20"]
[SourceQuality "1"]

1. e4 e5 2. Nf3 Nc6 3. Bc4 Bc5 4. 0-0 Nf6 5. d3 d6 6. h3 0-0 7. c3 Be6 8. Bg5 h6 9. Bh4 Bxc4 10. dxc4 Qe7 11. Nbd2 Qe6 12. b3 Nh5 13. Kh2 f5 14. Qc2 f4 15. g4 fxg3+ 16. Bxg3 Nf4 17. Ng1 Rf7 18. Ndf3 Nxh3 19. Nxe5 Nxg1 20. Nxf7 Qh3+ 0-1

[Event "Seebach op 23rd"]
[Site "Grossenseebach"]
[Date "2012.06.10"]
[Round "7"]
[White "Schneider, Peter1111"]
[Black "Von Lossow, Marcus"]
[Result "1/2-1/2"]
[WhiteElo "1621"]
[BlackElo "1576"]
[PlyCount "40"]
[EventDate "2012.06.07"]
[EventType "swiss"]
[EventRounds "7"]
[EventCountry "GER"]
[SourceTitle "EXT 2013"]
[Source "ChessBase"]
[SourceDate "2012.11.22"]
[SourceVersion "1"]
[SourceVersionDate "2012.11.22"]
[SourceQuality "1"]

1. Nf3 Nf6 2. d4 d5 3. e3 c6 4. Nbd2 Bf5 5. Bd3 Bg6 6. 0-0 e6 7. a3 Bd6 8. Re1 Qc7 9. e4 dxe4 10. Nxe4 Nxe4 11. Bxe4 Bh5 12. g3 0-0 13. c4 f5 14. Bd3 Qf7 15. Be2 f4 16. Rf1 Qf6 17. Bd2 fxg3 18. fxg3 Bxf3 19. Rxf3 Qxd4+ 20. Be3 Qxd1+ 1/2-1/2

[Event "Seebach op 23rd"]
[Site "Grossenseebach"]
[Date "2012.06.09"]
[Round "6"]
[White "Von Lossow, Marcus"]
[Black "Schloetterer, Hermann"]
[Result "1/2-1/2"]
[WhiteElo "1576"]
[BlackElo "1769"]
[PlyCount "63"]
[EventDate "2012.06.07"]
[EventType "swiss"]
[EventRounds "7"]
[EventCountry "GER"]
[SourceTitle "EXT 2013"]
[Source "ChessBase"]
[SourceDate "2012.11.22"]
[SourceVersion "1"]
[SourceVersionDate "2012.11.22"]
[SourceQuality "1"]

1. e4 c5 2. Nf3 Nc6 3. d4 cxd4 4. Nxd4 Nf6 5. Nc3 e5 6. Ndb5 d6 7. Bg5 a6 8. Na3 b5 9. Nd5 Qa5+ 10. Bd2 Qd8 11. Bg5 Be7 12. Nxe7 Nxe7 13. Bxf6 gxf6 14. c4 Qa5+ 15. Qd2 Qxd2+ 16. Kxd2 b4 17. Nc2 Rb8 18. b3 f5 19. Bd3 fxe4 20. Bxe4 f5 21. Bf3 0-0 22. Rad1 Be6 23. Ke3 Rfd8 24. Rd2 d5 25. cxd5 Bxd5 26. Rhd1 e4 27. Be2 f4+ 28. Kxf4 Rf8+ 29. Kg3 Nf5+ 30. Kf4 Ne7+ 31. Kg3 Nf5+ 32. Kf4 1/2-1/2